Score 0/42 Timer 08:00
28 Plays Today
% Correct
Honda
99.5%
Jaguar
97.8%
BMW
97.7%
Toyota
97.7%
Audi
97%
Mercedes-Benz
95.2%
Chevrolet
94.7%
Lexus
94.3%
Volkswagen
92.5%
Hyundai
90.4%
Mazda
89.3%
(Dodge) Ram
89.2%
Mitsubishi
88.9%
Subaru
87.6%
Ferrari
87.4%
Suzuki
85%
Bentley
84.9%
Nissan
83.8%
Cadillac
78.2%
Porsche
77.7%
Volvo
69.7%
% Correct
Pontiac
66.8%
Infiniti
66.5%
Chrysler
64.8%
Saturn
64.2%
Lamborghini
64.1%
Fiat
63.7%
Acura
63.5%
Buick
61.7%
Saab
60.2%
Aston Martin
56.3%
Alfa Romeo
54.5%
Peugeot
52.8%
Maserati
52.3%
Renault
50%
Mercury
48.7%
Citroën
46.2%
Opel
44.9%
SEAT
41.5%
Vauxhall
39.9%
Daewoo
33.2%
Holden
24.6%
Remove Ads.
Support Sporcle.
Get the best of Sporcle when you Go Orange. This ad-free experience offers more features, more stats, and more fun while also helping to support Sporcle. Thank you for becoming a member.

You're not logged in!

Compare scores with friends on all Sporcle quizzes.
OR
Log In

Sporcle TV

Today on Sporcle TV


Watch our educational content, quiz creation guides, and fun videos on Sporcle TV.

Show Comments

Extras

Top Quizzes Today


Score Distribution

Paid Content

Your Account Isn't Verified!

In order to create a playlist on Sporcle, you need to verify the email address you used during registration. Go to your Sporcle Settings to finish the process.

Report this User

Report this user for behavior that violates our Community Guidelines.

Details: